000 00598nam a2200205 a 4500
001 46826
003 BD-RjUL
005 20211209054218.0
008 160804s1964 xx 000 0 und d
035 _a(BD-RjUL)46945
040 _aEQO
_cEQO
_beng
041 _aeng
082 _a340.05095491
_bMAS 1964
100 1 _aMahmood, Shaukat.
_9141384
245 1 4 _aThe Supreme court digest, 1950 to June 1964 /
_cShaukat Mahmood
260 _aLahore :
_bPakistan Law Times Publications,
_c1964
300 _axx, 1194 p. ;
_c24 cm.
650 _aLaw reports, digests
_zPakistan
_9142657
942 _2ddc
_cBK
999 _c46826
_d46826